| 000 | 00488nam a2200169Ia 4500 | ||
|---|---|---|---|
| 999 |
_c37406 _d37406 |
||
| 003 | OSt | ||
| 005 | 20200930100307.0 | ||
| 008 | 190216s9999||||xx |||||||||||||| ||und|| | ||
| 040 | _coclc | ||
| 082 |
_a591.1 _bGOE/T |
||
| 100 |
_aGoel, K A _95155 |
||
| 245 | 0 |
_aA Textbook Of Animal Physiology / _cK A Goel ; K V Sastri |
|
| 260 |
_bRasthogi Publications, _c1984. _aMeerut: |
||
| 300 | _a448p | ||
| 650 | _aZoology | ||
| 942 |
_cBK _2ddc _h591.1 _iGOE/T _k591.1 _mGOE/T |
||